00629 2200217 4500001002100000005001700021008004100038035002400079090001500103100001100118245011800129250001100247260003300258300002900291500002700320650001300347850001500360980001500375985000600390999001500396YOGYA-0209000003418020090227024850.0 ind  0010-020900000034180 a910bIsk P aIskhak aPrima EBTA (pelajaran ringkas materi evaluasi belajar tahap akhir)bgeografi SMAcIskhak ; ilustrasi Suyardi Dipo aCet. 1 aKlatenbIntan Pariwarac1991 aiv, 322 hlmbilusc21 cm aBibliografi : hlm. 322 aGeografi aYOPDYOG(B) a10-16-2006 a1 a95P0071849